|
ห้องสมุด วิทยาลัยพยาบาลบรมราชชนนี อุดรธานี |
|
แสดงรายละเอียดบรรณานุกรม |
|
|
Brief Record
: Get Marc (ISO 2709)
: E-mail record
: |
|
|
| LEADER 00000nam 2200000uu 4500 | |||
| 001 8752 | |||
| 003 ULIBM | |||
| 008 231110s2550||||th 000 0 tha d | |||
| 040 bcnu-c^cbcnu-c | |||
| 041 0 tha^beng | |||
| 090 วจ^bป364ก 2550 | |||
| 100 0 ประยุทธ แสงสุรินทร์ | |||
| 245 10 การศึกษาระบบสุขภาพภาคประชาชนของเครือข่ายสุขภาพระดับตำบลในภาคตะวันออกเฉียงเหนือ /^cประยุทธ แสงสุรินทร์ และจีรวรรณ หัสโรค์ | |||
| 260 ^c2550 | |||
| 300 0158 | |||
| 650 7 สุขภาพ | |||
| 650 7 สุขภาพ^xเครือข่าย | |||
| 650 7 เครือข่ายสุขภาพระดับตำบล | |||
| 710 2 ศูนย์ฝึกอบรมและพัฒนาสุขภาพภาคประชาชน ภาคตะวันออกเฉียงเหนือ.^bจังหวัดขอนแก่น. | |||
| 945 ^p0^l0^i34718 | |||
| 945 ^p0^l0^i34719 | |||
| 945 ^p0^l0^i34720 | |||
| 995 วจ | |||
| 999 พรปวีณ์ | |||
| คุณยังไม่ได้ล็อกอิน คุณสามารถมีกิจกรรมร่วมกับเว็บไซต์ได้ แต่ต้องล็อกอินก่อน :: |
|
| สถานะ | |||||||||
| 1. | งานวิจัย | วจ ป364ก 2550 Barcode: 34718 | On Shelf | ||||||
| 2. | งานวิจัย | วจ ป364ก 2550 ฉ.2 Barcode: 34719 | On Shelf | ||||||
| 3. | งานวิจัย | วจ ป364ก 2550 ฉ.3 Barcode: 34720 | On Shelf | ||||||
| [แสดง 3/3 รายการ] | |||||||||
| รายการใกล้เคียง หัวเรื่อง [สุขภาพ]
|
BibComment |
| คอมเมนท์ทรัพยากรรายการนี้ |
|
|